Statistics for 10 Most populous cities of Africa

Click here to take the quiz!

General Stats

  • This quiz has been taken 16 times
  • The average score is 9 of 10

Answer Stats

RankPop.Answer% Correct
#47.5 MillionCairo
100%
#93.5 MillionCape Town
100%
#115.5 MillionLagos
100%
#63.75 MillionAlexandria
93%
#210 MillionJohannesburg
93%
#37.75 MillionKinshasa
93%
#73.65 MillionAbidjan
73%
#103.25 MillionCasablanca
73%
#54 MillionKano
73%
#83.5 MillionIbadan
53%

Score Distribution

Percentile by Number Answered

Percent of People with Each Score

Your Score History

You have not taken this quiz